01230nam a2200313 i 4500001001000000003000900010005001700019007000300036008004100039040003000080082002400110100005400134245008600188264003400274300002800308336002700336337003300363338002800396490007100424490003200495504003900527590002600566650006500592710005100657910003700708942001400745952014000759999001700899000020929DO-SdBNP20240730113208.0ta100824s1997 dr d 000 0 spa d aDO-SdBNPbspacBNPHUerda 4a001.4203bR977d2221 aRutinel Domínguez, José Ulises,936435eautor10aDiccionario de investigación científica /cJosé Ulises Rutinel Domínguez. aSanto Domingo :bUASD,c1997. a273 páginas ;c21 cm. 2rdacontentatextobtxt 2rdamediaasin mediaciónbn 2rdacarrieravolumenbnc0 aPublicaciones de la Universidad Autónoma de Santo Domingo ;v8350 aFilosofía y sociedad ;v6 aBibliografía : páginas 253-273 aInventariado, 2024/BT 4aInvestigación científicavDiccionariosxEspañol9438512 aUniversidad Autónoma de Santo Domingo972951 aValidado. Control de calidad MFF 2ddccLBS1 00102ddc56708DS-RaBNPHUbBNPHUcHDd2010-08-24l0oBNPHU R-PD 001.4203 R977dp20929-10r2020-06-25w2020-06-25yLBS1ZNo se presta c20432d20432